Лабораторный практикум по общим вопросам электрохимической кинетики: учебное пособие

Podrobná bibliografie
Korporativní autor: Национальный исследовательский Томский политехнический университет (ТПУ) Институт природных ресурсов (ИПР) Кафедра физической и аналитической химии (ФАХ)
Další autoři: Колпакова Н. А. Нина Александровна (составитель)
Shrnutí:Заглавие с титульного экрана
Режим доступа: из корпоративной сети ТПУ
Jazyk:ruština
Vydáno: Томск, Изд-во ТПУ, 2014
Témata:
On-line přístup:http://www.lib.tpu.ru/fulltext2/m/2014/m339.pdf
Médium: MixedMaterials Elektronický zdroj Kniha
KOHA link:https://koha.lib.tpu.ru/cgi-bin/koha/opac-detail.pl?biblionumber=273889

MARC

LEADER 00000nlm0a2200000 4500
001 273889
005 20231101234656.0
035 |a (RuTPU)RU\TPU\book\297099 
090 |a 273889 
100 |a 20141029d2014 m y0rusy50 ca 
101 0 |a rus 
102 |a RU 
105 |a a j 001zy 
135 |a drcn ---uucaa 
181 0 |a i  
182 0 |a b 
200 1 |a Лабораторный практикум по общим вопросам электрохимической кинетики  |b Электронный ресурс  |e учебное пособие  |f Национальный исследовательский Томский политехнический университет (ТПУ) ; сост. Н. А. Колпакова 
203 |a Текст  |c электронный 
210 |a Томск  |c Изд-во ТПУ  |d 2014 
230 |a 1 компьютерный файл (pdf; 917 KB) 
300 |a Заглавие с титульного экрана 
333 |a Режим доступа: из корпоративной сети ТПУ 
337 |a Adobe Reader 
606 1 |a Электрохимическая кинетика  |2 stltpush  |3 (RuTPU)RU\TPU\subj\70836  |9 85006 
610 1 |a электронный ресурс 
610 1 |a учебные пособия 
610 1 |a труды учёных ТПУ 
610 1 |a лабораторные работы 
610 1 |a потенциометрический метод 
610 1 |a ионы 
610 1 |a активность 
610 1 |a лимитирующая стадия 
610 1 |a электродные процессы 
610 1 |a коэффициент диффузии 
610 1 |a кинетические параметры 
610 1 |a потенциалы 
610 1 |a вольтамперометрические методы 
610 1 |a анализ 
610 1 |a методы исследования 
675 |a 544.65:544.4(076.5)  |v 3 
702 1 |a Колпакова  |b Н. А.  |c химик  |c девичья фамилия Полукарова  |c профессор Томского политехнического университета, доктор химических наук  |c Почетный химик России (1996 г.)  |f 1942-  |g Нина Александровна  |2 stltpush  |3 (RuTPU)RU\TPU\pers\21963  |4 220 
712 0 2 |a Национальный исследовательский Томский политехнический университет (ТПУ)  |b Институт природных ресурсов (ИПР)  |b Кафедра физической и аналитической химии (ФАХ)  |h 94  |2 stltpush  |3 (RuTPU)RU\TPU\col\18656 
801 1 |a RU  |b 63413507  |c 20130520 
801 2 |a RU  |b 63413507  |c 20160617  |g RCR 
856 4 |u http://www.lib.tpu.ru/fulltext2/m/2014/m339.pdf 
900 |a Химическая кинетика 
942 |c CF